| 000 | 00961cam a2200289 a 4500 | ||
|---|---|---|---|
| 001 | 1476042 | ||
| 003 | ARRUPE | ||
| 005 | 20240911100448.0 | ||
| 008 | 880108s1986 rh abf b 001 0 eng | ||
| 010 | _a 86981154 | ||
| 020 | _a0869223836 (pbk.) | ||
| 040 |
_aDLC _cDLC _dDLC |
||
| 043 | _af-rh--- | ||
| 050 | 0 | 0 |
_aDT962.7 _b.B33 1986 |
| 082 | 0 | 0 |
_a968.91/02 _219 |
| 100 | 1 |
_aBeach, D. N. _915747 |
|
| 245 | 1 | 0 |
_aWar and politics in Zimbabwe, 1840-1900 / _cby D.N. Beach. |
| 260 |
_aGweru, Zimbabwe : _bMambo Press, _c1986. |
||
| 300 |
_a165 p., [14] p. of plates : _bill., maps ; _c21 cm. |
||
| 504 | _aIncludes bibliographies and index. | ||
| 650 | 0 |
_aNdebele (African people) _xHistory. _940343 |
|
| 650 | 0 |
_aShona (African people) _xHistory. _927961 |
|
| 651 | 0 |
_aZimbabwe _xHistory _yChimurenga War, 1896-1897. _952417 |
|
| 651 | 0 |
_aZimbabwe _xRace relations. _98885 |
|
| 906 |
_a7 _bcbc _corignew _d3 _encip _f19 _gy-gencatlg |
||
| 942 |
_2lcc _cMONOGRAPH |
||
| 999 |
_c131948 _d131948 |
||